Design as art / (Record no. 12328)

000 -LEADER
fixed length control field 03234cam a22004577i 4500
003 - CONTROL NUMBER IDENTIFIER
control field OSt
005 - DATE AND TIME OF LATEST TRANSACTION
control field 20240117100825.0
008 - FIXED-LENGTH DATA ELEMENTS--GENERAL INFORMATION
fixed length control field 200116r20081971enka b 000 0 eng d
020 ## - INTERNATIONAL STANDARD BOOK NUMBER
International Standard Book Number 9780141035819
Qualifying information paperback
041 1# - LANGUAGE CODE
Language code of text/sound track or separate title eng
Language code of original and/or intermediate translations of text ita
042 ## - AUTHENTICATION CODE
Authentication code lccopycat
082 04 - DEWEY DECIMAL CLASSIFICATION NUMBER
Classification number 745.4
Edition number 22
084 ## - OTHER CLASSIFICATION NUMBER
Classification number J50-05
Source of number clc
084 ## - OTHER CLASSIFICATION NUMBER
Classification number J50
Source of number clc
100 1# - MAIN ENTRY--PERSONAL NAME
Personal name Munari, Bruno,
Relator term author.
240 10 - UNIFORM TITLE
Uniform title <a href="Arte come mestiere.">Arte come mestiere.</a>
Language of a work English
245 10 - TITLE STATEMENT
Title Design as art /
Statement of responsibility, etc Bruno Munari ; translated by Patrick Creagh.
300 ## - PHYSICAL DESCRIPTION
Extent 223 pages :
Other physical details illustrations ;
Dimensions 19 cm.
490 1# - SERIES STATEMENT
Series statement Penguin modern classics
500 ## - GENERAL NOTE
General note Originally published (in Italian) by Editori Laterza, 1966.
505 0# - FORMATTED CONTENTS NOTE
Formatted contents note Preface : The useless machines -- Design as art -- Designers and stylists : what is a designer? ; Pure and applied ; A living language ; A rose is a rose is a ; The stylists ; Mystery art -- Visual design : Character building ; The shape of words ; Poems and telegrams ; Two in one ; A language of signs and symbols? ; 12,000 different colors -- Graphic design : Poster with a central image ; Poster without end ; Children's books -- Industrial design : Micro-art ; How one lives in a traditional Japanese house ; What is bamboo? ; A spontaneous form ; A prismatic lamp ; Wear and teat ; Orange, peas and rose ; A piece of travelling sculpture ; Luxuriously appointed gentlemen's apartments ; Knives, forks, and spoons ; And that's not all ; Fancy goods -- Research design : Iris ; Growth and explosion ; Concave-convex forms ; The tetracone ; Yang-yin ; Moiré ; Direct projection ; Projections with polarized light ; The square ; The circle ; An arrow can lose its feathers but not its point ; Theoretical reconstruction of imaginary objects ; Exercises in topology, or rubber-sheet geometry ; Two fountains, nine spheres -- Appendix : the machines of my childhood (1924).
520 ## - SUMMARY, ETC.
Summary, etc Bruno Munari was among the most inspirational designers of all time, described by Picasso as 'the new Leonardo'. Munari insisted that design be beautiful, functional and accessible, and this enlightening and highly entertaining book sets out his ideas about visual, graphic and industrial design and the role it plays in the objects we use everyday. Lamps, road signs, typography, posters, children's books, advertising, cars and chairs - these are just some of the subjects to which he turns his illuminating gaze.
546 ## - LANGUAGE NOTE
Language note Translated from the Italian.
600 14 - SUBJECT ADDED ENTRY--PERSONAL NAME
Personal name Munari, Bruno,
Dates associated with a name 1907-1998.
650 #0 - SUBJECT ADDED ENTRY--TOPICAL TERM
Topical term or geographic name as entry element Design
General subdivision Philosophy.
650 #0 - SUBJECT ADDED ENTRY--TOPICAL TERM
Topical term or geographic name as entry element Art and design.
650 #7 - SUBJECT ADDED ENTRY--TOPICAL TERM
Topical term or geographic name as entry element Design
General subdivision Philosophy.
Source of heading or term blmlsh
650 #7 - SUBJECT ADDED ENTRY--TOPICAL TERM
Topical term or geographic name as entry element Art and design.
Source of heading or term blmlsh
650 #7 - SUBJECT ADDED ENTRY--TOPICAL TERM
Topical term or geographic name as entry element Design
General subdivision Philosophy.
Source of heading or term cct
650 #7 - SUBJECT ADDED ENTRY--TOPICAL TERM
Topical term or geographic name as entry element Art and design.
Source of heading or term cct
650 #7 - SUBJECT ADDED ENTRY--TOPICAL TERM
Topical term or geographic name as entry element Art and Design.
Source of heading or term eflch
650 #7 - SUBJECT ADDED ENTRY--TOPICAL TERM
Topical term or geographic name as entry element Art and design.
Source of heading or term fast
650 #7 - SUBJECT ADDED ENTRY--TOPICAL TERM
Topical term or geographic name as entry element Design
General subdivision Philosophy.
Source of heading or term fast
650 #7 - SUBJECT ADDED ENTRY--TOPICAL TERM
Topical term or geographic name as entry element Design
General subdivision teori, filosofi.
Source of heading or term sao
700 1# - ADDED ENTRY--PERSONAL NAME
Personal name Creagh, Patrick,
Relator term translator.
830 #0 - SERIES ADDED ENTRY--UNIFORM TITLE
Uniform title Penguin modern classics.
856 41 - ELECTRONIC LOCATION AND ACCESS
Materials specified Table of contents
Electronic format type application/pdf
Uniform Resource Identifier <a href="http://swbplus.bsz-bw.de/bsz288049454inh.htm">http://swbplus.bsz-bw.de/bsz288049454inh.htm</a>
Hours access method available 20091021111626
906 ## - LOCAL DATA ELEMENT F, LDF (RLIN)
a 7
b cbc
c copycat
d 2
e ncip
f 20
g y-gencatlg
942 ## - ADDED ENTRY ELEMENTS (KOHA)
Source of classification or shelving scheme
955 ## - COPY-LEVEL INFORMATION (RLIN)
Book number/undivided call number, CCAL (RLIN) xn11 2020-01-16 z-processor to USASH
Copy status, CST (RLIN) rk07 2020-04-02 to BCCD
Non-printing notes, HNT (RLIN) rk09 2022-02-02
Holdings
Withdrawn status Lost status Source of classification or shelving scheme Damaged status Koha normalized classification for sorting Not for loan Permanent location Current location Date acquired Source of acquisition Cost, normal purchase price Total Checkouts Full call number Barcode Date last seen Date last borrowed Cost, replacement price Price effective from Koha item type
        745_400000000000000   BMS College of Architecture, Design and Planning BMS College of Architecture, Design and Planning 2024-01-17 1 449.25 1 745.4 AR-UG3595 2025-04-07 2025-04-04 599.00 2024-01-17 UG Books
Copyright © 2025, The Librarian, Library and Information Centre, BMSCA D&P, Bengaluru. All Rights Reserved
web counter

Powered by Koha